Loading...
| History - Other History | 3 | 0 | 1 | 0 | 40 | 40 | 48.00 | 2 | 3 |
| Religion | 2 | 1 | 0 | 1 | 40 | 34 | 72.67 | 2 | 3 |
| Literature - World Literature | 1 | 2 | 0 | 0 | 35 | 22 | 75.67 | 1 | 3 |
| Fine Arts - Other Fine Arts | 0 | 3 | 0 | 0 | 30 | 109 | 122.67 | 0 | 2 |
| Philosophy | 0 | 3 | 1 | 1 | 25 | 64 | 95.67 | 0 | 3 |
| History - World History | 1 | 1 | 1 | 0 | 20 | 23 | 44.50 | 1 | 2 |
| Fine Arts - Visual Fine Arts | 1 | 0 | 0 | 0 | 15 | 50 | 50.00 | 1 | 1 |
| Social Science | 1 | 0 | 1 | 0 | 10 | 54 | 54.00 | 0 | 0 |
| Literature - British Literature | 0 | 1 | 0 | 0 | 10 | 110 | 110.00 | 0 | 1 |
| Mythology | 0 | 1 | 0 | 1 | 10 | 138 | 138.00 | 0 | 1 |
| Fine Arts - Auditory Fine Arts | 0 | 1 | 0 | 1 | 10 | 140 | 140.00 | 0 | 1 |
| Science - Physics | 0 | 1 | 0 | 0 | 10 | 82 | 82.00 | 0 | 0 |
| Science - Other Science | 0 | 0 | 1 | 0 | -5 | 0.00 | 0 | 0 |